Normal view
MARC view
Entry Corporate Name
001 - CONTROL NUMBER
- control field: 29416
003 - CONTROL NUMBER IDENTIFIER
- control field: ARRUPE
005 - DATE AND TIME OF LATEST TRANSACTION
- control field: 20170316100609.0
008 - FIXED-LENGTH DATA ELEMENTS
- fixed length control field: 170316|| aca||aabn | a|a d
040 ## - CATALOGING SOURCE
- Original cataloging agency: ARRUPE
- Transcribing agency: ARRUPE
110 ## - HEADING--CORPORATE NAME
- Corporate name or jurisdiction name as entry element: Dominicans
- Geographic subdivision: Africa, Southern
- General subdivision: History.
670 ## - SOURCE DATA FOUND
- Source citation: Work cat.: (ARRUPE)0: Denis, Philippe, 1952- 29414, The Dominican friars in Southern Africa :, 1998.